| Tag |
First Indicator |
Second Indicator |
Subfields |
| LEADER |
00000cam a2200000 4500 |
| 001 |
in00000059709 |
| 005 |
20151008050518.0 |
| 008 |
770117s1957 txu 00000 eng d |
| 035 |
|
|
|a (OCoLC)02682561
|
| 035 |
|
|
|9 AAG1494AM
|
| 040 |
|
|
|a TXN
|c TXN
|d TXA
|d UtOrBLW
|
| 049 |
|
|
|a TXAM
|
| 090 |
|
|
|a E666
|b .C227 1957
|
| 092 |
|
|
|a 342.41
|b C212a
|
| 100 |
1 |
|
|a Canada, J. W.
|q (John William),
|d 1871-
|
| 245 |
1 |
0 |
|a Andrew Johnson. :
|b The Fourteenth amendment, then and now.
|
| 264 |
|
1 |
|a La Porte, Tex. :
|b The author,
|c [1957]
|
| 264 |
|
4 |
|c ©1957
|
| 300 |
|
|
|a 60 pages ;
|c 23 cm.
|
| 336 |
|
|
|a text
|b txt
|2 rdacontent
|
| 337 |
|
|
|a unmediated
|b n
|2 rdamedia
|
| 338 |
|
|
|a volume
|b nc
|2 rdacarrier
|
| 600 |
1 |
0 |
|a Johnson, Andrew,
|d 1808-1875.
|
| 610 |
1 |
0 |
|a United States.
|t Constitution.
|n 13th-15th Amendments.
|
| 651 |
|
0 |
|a United States
|x Race relations.
|
| 999 |
|
|
|a MARS
|
| 999 |
f |
f |
|s 6d31d220-2d26-31c9-826b-2f4336822621
|i a2998075-a82e-31f4-a053-e5d9f06e0a28
|t 0
|
| 952 |
f |
f |
|p ric
|a Texas A&M University
|b Rellis Campus
|c Joint Library Facility
|d Remote Storage
|t 0
|e E666 .C227 1957
|h Library of Congress classification
|i unmediated -- volume
|m A14830294335
|
| 998 |
f |
f |
|a E666 .C227 1957
|t 0
|l Remote Storage
|